|
|
|
|
| LEADER |
01908nam a2200481 i 4500 |
| 001 |
001486702 |
| 003 |
CZ BrMZK |
| 005 |
20171024090901.0 |
| 006 |
m q d |
| 007 |
co cg |
| 008 |
150903s2014 xr a eq 000 0 cze |
| 015 |
|
|
|a cnb002732783
|
| 020 |
|
|
|a 978-80-7314-319-0
|q (CDR)
|
| 040 |
|
|
|a BOA001
|b cze
|e rda
|
| 072 |
|
7 |
|a 007
|x Teorie systémů. Automatické systémy. Informační systémy. Kybernetika
|2 Konspekt
|9 23
|
| 072 |
|
7 |
|a 37.016
|x Učební osnovy. Vyučovací předměty. Učebnice
|2 Konspekt
|9 22
|
| 080 |
|
|
|a 007+004
|2 MRF
|
| 080 |
|
|
|a 004
|2 MRF
|
| 080 |
|
|
|a (075.8)
|2 MRF
|
| 080 |
|
|
|a (0.034.44)
|2 MRF
|
| 100 |
1 |
|
|a Bartoněk, Dalibor,
|d 1952-
|7 xx0009646
|4 aut
|
| 245 |
1 |
0 |
|a Informační systémy /
|c Dalibor Janěk, Robert Jurča
|
| 250 |
|
|
|a 1. vydání
|
| 264 |
|
1 |
|a Kunovice :
|b Evropský polytechnický institut, s.r.o.,
|c 2014
|
| 300 |
|
|
|a 1 CD-ROM (247 nečíslovaných stran) :
|b ilustrace (některé barevné) ;
|c 12 cm
|
| 336 |
|
|
|a text
|b txt
|2 rdacontent
|
| 337 |
|
|
|a počítač
|b c
|2 rdamedia
|
| 338 |
|
|
|a počítačový disk
|b cd
|2 rdacarrier
|
| 347 |
|
|
|a textový soubor
|b PDF
|2 rda
|
| 500 |
|
|
|a Název z disku
|
| 500 |
|
|
|a Nad názvem: Evropský polytechnický institut, s.r.o., 1. soukromá vysoká škola na Moravě, Kunovice
|
| 504 |
|
|
|a Obsahuje bibliografii
|
| 538 |
|
|
|a Požadavky na systém: Adobe Acrobat Reader
|
| 650 |
0 |
7 |
|a informační systémy
|7 ph114774
|2 czenas
|
| 650 |
0 |
7 |
|a informační technologie
|7 ph121106
|2 czenas
|
| 655 |
|
7 |
|a učebnice vysokých škol
|7 fd133772
|2 czenas
|
| 655 |
|
7 |
|a CD-ROM
|2 czenas
|
| 700 |
1 |
|
|a Jurča, Robert,
|d 1972-
|7 mzk2005273126
|4 aut
|
| 710 |
2 |
|
|a Evropský polytechnický institut
|7 kn20031015009
|4 isb
|
| 856 |
4 |
1 |
|u http://www.digitalniknihovna.cz/mzk/view/uuid:114ec957-9e30-44e8-a4fb-ad97fd45929c
|y Digitalizovaný dokument
|
| 910 |
|
|
|a BOA001
|b CDR-1353.239
|
| 990 |
|
|
|a BK
|
| 991 |
|
|
|b 201511
|c NOV
|